Statistiken für WM 2022 Teilnehmer

Klicken Sie hier um das Quiz zu spielen!

Allgemein

  • Dieses Quiz wurde 2.032 mal gespielt
    (1.920 seit der letzten Aktualisierung)
  • Das Durchschnittsergebnis liegt bei 28 aus 32

Antwortstatistiken

HintAntwort% Korrekt
EuropaDeutschland
99%
SüdamerikaArgentinien
97%
EuropaSpanien
97%
SüdamerikaBrasilien
96%
AsienJapan
96%
EuropaFrankreich
95%
EuropaPortugal
95%
EuropaEngland
93%
AsienKatar
93%
EuropaNiederlande
92%
Nord-/MittelamerikaUSA
92%
EuropaSchweiz
91%
EuropaBelgien
89%
EuropaPolen
89%
AsienSüdkorea
88%
EuropaDänemark
87%
EuropaKroatien
87%
AfrikaMarokko
87%
Nord-/MittelamerikaMexiko
87%
AfrikaSenegal
87%
Nord-/MittelamerikaKanada
86%
SüdamerikaUruguay
84%
SüdamerikaEcuador
82%
AsienSaudi Arabien
82%
Costa Rica
81%
Australien
80%
AfrikaGhana
80%
EuropaSerbien
80%
EuropaWales
79%
AsienIran
78%
AfrikaKamerun
76%
AfrikaTunesien
71%

Verteilung der Resultate

Perzentil nach korrekt beantworteten Fragen

Anzahl Personen mit jedem Resultat

Ihre Resultats-Entwicklung

Sie haben dieses Quiz seit der letzten Aktualisierung nicht gespielt